| 000 | 00459nam a22001457a 4500 | ||
|---|---|---|---|
| 003 | macl | ||
| 005 | 20180421134654.0 | ||
| 008 | 180421b xxu||||| |||| 00| 0 eng d | ||
| 040 | _cmacl | ||
| 100 |
_aभानुप्रताप शुक्ल _949157 |
||
| 245 | _aभाषा और भावना | ||
| 260 |
_aदिल्ली _bअखिल भारती प्रकाशन _c2016 |
||
| 650 |
_aभाषा _972215 |
||
| 942 |
_2ddc _cHIN |
||
| 999 |
_c57850 _d57850 |
||